Statistics for Top 100 NFL Players of 2019

Click here to take the quiz!

General Stats

  • This quiz has been taken 162 times
  • The average score is 79 of 100

Answer Stats

#TeamPos.Answer% Correct
2New Orleans SaintsQBDrew Brees
100%
9Atlanta FalconsWRJulio Jones
100%
4Kansas City ChiefsQBPatrick Mahomes
100%
8Green Bay PackersQBAaron Rodgers
99%
14New Orleans SaintsRBAlvin Kamara
99%
11Houston TexansWRDeAndre Hopkins
99%
18Dallas CowoysRBEzekiel Elliott
99%
32Los Angeles RamsQBJarred Goff
99%
3Chicago BearsLBKhalil Mack
99%
6New England PatriotsQBTom Brady
99%
1Los Angeles RamsDTAaron Donald
98%
97Dallas CowboysCBByron Jones
98%
12Houston TexansDEJ.J. Watt
98%
13New Orleans SaintsWRMichael Thomas
98%
17Los Angeles ChargersQBPhilip Rivers
98%
25Seattle SeahawksQBRussell Wilson
98%
16New York GiantsRBSaquon Barkley
98%
5Los Angeles RamsRBTodd Gurley
98%
7Pittsburgh SteelersWRAntonio Brown
97%
36Kansas CIty ChiefsDTChris Jones
97%
23New York GiantsWROdell Beckham Jr.
97%
93Pittsburgh SteelersOLBT.J. Watt
97%
21Kansas City ChiefsTETravis Kelce
97%
19Kansas City ChiefsWRTyreek Hill
97%
10Denver BroncosLBVon Miller
96%
20Indianapolis ColtsQBAndrew Luck
95%
72Philadelphia EaglesCJason Kelce
95%
47Pittsburgh SteelersWRJuju Smith-Schuster
95%
35Green Bay PackersWRDavante Adams
94%
33Minnesota VikingsWRAdam Thielen
93%
37New York JetsS`Jamal Adams
93%
29San Francisco 49ersTEGeorge Kittle
92%
27`Jacksonville JaguarsCBJalen Ramsey
90%
24Carolina PanthersLBLuke Kuechly
90%
38Los Angeles ChargersWRKeenan Allen
89%
40Philadelphia EaglesTEZach Ertz
89%
15Seattle SeahawksLBBobby Wagner
88%
83Minnesota VikingsSHarrison Smith
88%
69Atlanta FalconsQBMatt Ryan
88%
22New England PatriotsCBStephon Gilmore
88%
52Dallas CowboysOTTyron Smith
88%
58Cincinnati BengalsWRA.J. Green
87%
51Houston TexansQBDeshaun Watson
87%
61Dallas CowboysMLBJaylon Smith
87%
34Los Angeles ChargersRBMelvin Gordon
87%
50Cleveland BrownsQBBaker Mayfield
86%
96Philadelphia EaglesQBCarson Wentz
86%
73Minnesota VikingsWRStefon Diggs
86%
87Carolina PanthersQBCam Newton
85%
44Pittsburgh SteelersQBBen Roethlisberger
84%
28Philadelphia EaglesDTFletcher Cox
84%
78Minnesota VikingsQBKirk Cousins
84%
53Tampa Bay BuccaneersWRMike Evans
84%
41New Orleans SaintsDECameron Jordan
83%
99Tennessee TitansRBDerrick Henry
83%
90New England PatriotsWRJulian Edelman
83%
64Dallas CowboysWRAmari Cooper
82%
60Arizona CardinalsWRLarry Fitzgerald
82%
80New Orleans SaintsRBMark Ingram
81%
70Indianapolis ColtsWRT.Y. Hilton
80%
30Chicago BearsSEddie Jackson
79%
84Cleveland BrownsWRJarvis Landry
79%
56Los Angeles ChargersDEJoey Bosa
79%
48Los Angeles ChargersDEMelvin Ingram
79%
49Cleveland BrownsDEMyles Garrett
79%
46Arizona CardinalsCBPatrick Peterson
79%
98Seattle SeahawksWRTyler Lockett
79%
26Indianapolis ColtsLBDarius Leonard
74%
63Houston TexansDEJadeveon Clowney
72%
62Pittsburgh SteelersRBJames Conner
72%
76Los Angeles RamsWRRobert Woods
71%
31Los Angeles ChargersSDerwin James
69%
68Denver BroncosRBPhillip Lindsay
69%
59Dallas CowboysOGZack Martin
69%
54Jacksonville JaguarsDECalaias Campbell
68%
45Dallas CowboysDEDemarcus Lawrence
68%
89New England PatriotsSDevin McCourty
67%
81Washington RedskinsOTTrent Williams
64%
88Pittsburgh SteelersDECameron Heyward
62%
86Detroit LionsCBDarius Slay
62%
79Cincinnati BengalsDTGeno Atkins
62%
57Minnesota VikingsDEDanielle Hunter
60%
66Indianapolis ColtsTEEric Ebron
60%
55Miami DolphinsCBXavien Howard
60%
95Chicago BearsCBKyle Fuller
57%
74Dallas CowboysOLBLeighton Vander-Esch
56%
91Los Angeles RamsOTAndrew Whitworth
55%
82Denver BroncosOLBBradley Chubb
55%
77Tennessee TitansOTTaylor Lewan
55%
39Chicago BearsDTAkiem Hicks
51%
75Tampa Bay BuccaneersDTGerald McCoy
50%
71Baltimore RavensMLBC.J. Mosley
46%
43Green Bay PackersOTDavid Bakhtiari
45%
100Baltimore RavensSEric Weddle
43%
94Kansas City ChiefsOTMitchell Schwartz
41%
65Tampa Bay BuccaneersDEJason Pierre-Paul
40%
92Tennessee TitansDEJurrell Casey
40%
85Seattle SeahawksDEFrank Clark
38%
67Kansas City ChiefsOLBDee Ford
34%
42Carolina PanthersRBChristian McCafferey
14%

Score Distribution

Percentile by Number Answered

Percent of People with Each Score

Your Score History

You have not taken this quiz